00629nam a2200157Ia 4500003000900000008004100009020001800050040001600068080001700084110004900101245016700150260008000317300001000397650003100407650003300438IN-BaIIA211028s9999 xx 000 0 eng d a92-95003-29-2 cIIA Library a52(082)bICT aInternational Centre for Theoretical Physics 0aOne hundred reasons to be a scientistb40th anniversary, 1964-2004cInternational Centre for Theoretical Physics  aTriestebThe Abdus Salam International Center for Theoretical Physicsc2004 a263p. aAstronomy and astrophysics aScientists -Collective Works